[Event "PNWCC Online Masters Artist Point"]
[Site "Chess.com INT"]
[Date "2020.09.06"]
[Round "4"]
[White "Ho, Cooper"]
[Black "Pan, Kevin"]
[Result "0-1"]
[WhiteElo "1663"]
[BlackElo "2106"]
[PlyCount "80"]
[EventDate "2020.09.05"]
[EventType "swiss"]
[EventRounds "9"]
[EventCountry "USA"]
[SourceTitle "CBM 198 Extra"]
[Source "ChessBase"]
[SourceDate "2020.11.30"]
[SourceVersion "1"]
[SourceVersionDate "2020.11.30"]
[SourceQuality "1"]

1. e4 e5 2. Nf3 Nc6 3. Bc4 Bc5 4. 0-0 Nf6 5. d3 d6 6. c3 a6 7. a4 h6 8. Nbd2 0-0 9. b4 Ba7 10. h3 Ne7 11. Bb3 Ng6 12. Nc4 Re8 13. Re1 Bd7 14. Be3 Bxe3 15. fxe3 b6 16. Qc2 Bc6 17. Ncd2 d5 18. Rad1 Bb7 19. exd5 Nxd5 20. Bxd5 Qxd5 21. e4 Qd6 22. g3 Rad8 23. Nc4 Qe6 24. Kg2 f5 25. Ncd2 Bc8 26. Rh1 Kh7 27. Rde1 Bb7 28. Rhf1 Rf8 29. exf5 Qxf5 30. Ne4 Qd7 31. Re3 Rf5 32. Rf2 Rdf8 33. Qd2 Qxa4 34. Re1 Qd7 35. Ref1 Kh8 36. Qe3 Rd8 37. Rd1 Rh5 38. h4 Qg4 39. Rdf1 Rxd3 40. Qc1 Bxe4 0-1

[Event "PNWCC Online Masters Artist Point"]
[Site "Chess.com INT"]
[Date "2020.09.05"]
[Round "1"]
[White "Pan, Kevin"]
[Black "Bernadskiy, Vitaliy"]
[Result "0-1"]
[WhiteElo "2106"]
[BlackElo "2629"]
[PlyCount "72"]
[EventDate "2020.09.05"]
[EventType "swiss"]
[EventRounds "9"]
[EventCountry "USA"]
[SourceTitle "CBM 198 Extra"]
[Source "ChessBase"]
[SourceDate "2020.11.30"]
[SourceVersion "1"]
[SourceVersionDate "2020.11.30"]
[SourceQuality "1"]

1. e4 c5 2. Nc3 Nc6 3. g3 Rb8 4. Bg2 b5 5. a3 a5 6. Nge2 e6 7. d4 cxd4 8. Nxd4 Nxd4 9. Qxd4 Ba6 10. Be3 Ne7 11. f4 Nc6 12. Qd2 b4 13. axb4 Bxb4 14. Kf2 0-0 15. Bf1 Bxf1 16. Rhxf1 d5 17. exd5 Bxc3 18. Qxc3 Qxd5 19. Rfd1 Qe4 20. Rd2 Rfc8 21. Rad1 h6 22. Qd3 Qxd3 23. cxd3 Nb4 24. Bd4 Nd5 25. Ra1 Rb5 26. Ke2 f6 27. Ra4 Kf7 28. Rc4 Rd8 29. Bc5 g5 30. fxg5 hxg5 31. Ba3 e5 32. Kf3 Rb3 33. Ke4 Kg6 34. g4 Nf4 35. d4 exd4 36. h4 Re3# 0-1

[Event "PNWCC Online Masters Artist Point"]
[Site "Chess.com INT"]
[Date "2020.09.05"]
[Round "3"]
[White "Pan, Kevin"]
[Black "Murzin, Volodar"]
[Result "0-1"]
[WhiteElo "2106"]
[BlackElo "2465"]
[PlyCount "92"]
[EventDate "2020.09.05"]
[EventType "swiss"]
[EventRounds "9"]
[EventCountry "USA"]
[SourceTitle "CBM 198 Extra"]
[Source "ChessBase"]
[SourceDate "2020.11.30"]
[SourceVersion "1"]
[SourceVersionDate "2020.11.30"]
[SourceQuality "1"]

1. e4 c5 2. Nc3 d6 3. g3 Nc6 4. Bg2 Nf6 5. d3 g6 6. f4 Bg7 7. Nf3 0-0 8. 0-0 Rb8 9. h3 b5 10. a3 e6 11. Be3 Nd7 12. d4 Nb6 13. Bf2 b4 14. axb4 cxb4 15. Na4 Ba6 16. Re1 Nxa4 17. Rxa4 Bb5 18. Ra1 d5 19. exd5 exd5 20. Ne5 a5 21. Qf3 Ne7 22. g4 Kh8 23. f5 gxf5 24. gxf5 f6 25. Nd3 Bd7 26. Nc5 Rg8 27. Bg3 Rb5 28. Bc7 Qxc7 29. Rxe7 Rxc5 30. Rxd7 Qxd7 31. dxc5 Bf8 32. Kh1 Bxc5 33. Qxd5 Qc7 34. Rd1 Qg3 35. Qf3 Qe5 36. Qd5 Qe2 37. Rf1 Qxc2 38. Qc6 Qxb2 39. Bd5 Qc3 40. Bf3 b3 41. Rd1 b2 42. Qe4 a4 43. Bg4 a3 44. Qe6 Bd4 45. Qd7 Rxg4 46. Rxd4 Qxh3# 0-1

[Event "World op 48th"]
[Site "ICC INT"]
[Date "2020.08.09"]
[Round "7"]
[White "Zhao, Erick"]
[Black "Pan, Kevin"]
[Result "1-0"]
[WhiteElo "2039"]
[BlackElo "2106"]
[PlyCount "107"]
[EventDate "2020.08.07"]
[EventType "swiss"]
[EventRounds "9"]
[EventCountry "USA"]
[SourceTitle "CBM 197 Extra"]
[Source "ChessBase"]
[SourceDate "2020.09.30"]
[SourceVersion "1"]
[SourceVersionDate "2020.09.30"]
[SourceQuality "1"]

1. e4 e5 2. Nf3 Nc6 3. Bb5 a6 4. Ba4 Nf6 5. 0-0 b5 6. Bb3 Bc5 7. c3 d6 8. d4 Bb6 9. dxe5 Nxe5 10. Nxe5 dxe5 11. Qxd8+ Kxd8 12. Bg5 Ke7 13. Nd2 Bb7 14. Nf3 h6 15. Bh4 g5 16. Bg3 Nxe4 17. Nxe5 h5 18. Nxf7 h4 19. Be5 Rh7 20. Rad1 Rxf7 21. Bxf7 Kxf7 22. Bxc7 Bc5 23. Be5 h3 24. gxh3 Rg8 25. Rd7+ Ke6 26. Rxb7 Kxe5 27. Rh7 g4 28. h4 g3 29. hxg3 Nxg3 30. Re1+ Kf4 31. Kh2 Nf5 32. Rf7 Rh8 33. f3 Bd6 34. Re6 Be5 35. Kg2 Rxh4 36. Rxa6 Kg5 37. Re6 Bf4 38. Ref6 Nh6 39. Rf8 Be5 40. Re6 Rh2+ 41. Kg1 Bg3 42. Rh8 Bf4 43. Rc6 Rxb2 44. Rhxh6 Rb1+ 45. Kf2 Rb2+ 46. Kf1 Rb1+ 47. Ke2 Rb2+ 48. Kd1 Rxa2 49. Rhg6+ Kf5 50. Rgf6+ Ke5 51. Rce6+ Kd5 52. Re4 Ra1+ 53. Kc2 Rc1+ 54. Kb2 1-0

[Event "World op 48th"]
[Site "ICC INT"]
[Date "2020.08.08"]
[Round "5"]
[White "Lonoff, Marc J"]
[Black "Pan, Kevin"]
[Result "1-0"]
[WhiteElo "2122"]
[BlackElo "2106"]
[PlyCount "47"]
[EventDate "2020.08.07"]
[EventType "swiss"]
[EventRounds "9"]
[EventCountry "USA"]
[SourceTitle "CBM 197 Extra"]
[Source "ChessBase"]
[SourceDate "2020.09.30"]
[SourceVersion "1"]
[SourceVersionDate "2020.09.30"]
[SourceQuality "1"]

1. e4 e5 2. Nf3 Nc6 3. d4 exd4 4. Nxd4 Bc5 5. Nb3 Bb6 6. Nc3 Nf6 7. Qe2 d6 8. Be3 Be6 9. 0-0-0 Qe7 10. f3 0-0-0 11. Bxb6 axb6 12. Nd4 Bd7 13. Qc4 Na5 14. Qd3 h5 15. Kb1 Be6 16. Nd5 Qe8 17. b4 Nc6 18. Nxc6 bxc6 19. Nxb6+ cxb6 20. Qa6+ Kb8 21. Qxb6+ Ka8 22. Rd3 Bxa2+ 23. Kxa2 Qe6+ 24. Kb1 1-0

[Event "World op 48th"]
[Site "ICC INT"]
[Date "2020.08.08"]
[Round "4"]
[White "Pan, Kevin"]
[Black "Shivakumar, Shawnak"]
[Result "1/2-1/2"]
[WhiteElo "2106"]
[BlackElo "1865"]
[PlyCount "90"]
[EventDate "2020.08.07"]
[EventType "swiss"]
[EventRounds "9"]
[EventCountry "USA"]
[SourceTitle "CBM 197 Extra"]
[Source "ChessBase"]
[SourceDate "2020.09.30"]
[SourceVersion "1"]
[SourceVersionDate "2020.09.30"]
[SourceQuality "1"]

1. e4 e5 2. Nf3 Nf6 3. Nxe5 d6 4. Nf3 Nxe4 5. Nc3 Nxc3 6. dxc3 Be7 7. Be3 Nd7 8. Bd3 Nf6 9. h3 d5 10. c4 dxc4 11. Bxc4 Bf5 12. Qe2 0-0 13. Rd1 Bd6 14. 0-0 Qd7 15. Ne5 Qe7 16. f4 Rae8 17. Qf2 Ne4 18. Qf3 Bxe5 19. fxe5 Bg6 20. Bd4 b6 21. Bd5 Ng5 22. Qb3 Rd8 23. Bc4 c5 24. Bc3 Rxd1 25. Rxd1 Ne4 26. e6 Kh8 27. exf7 Bxf7 28. Bxf7 Nxc3 29. bxc3 Rxf7 30. Qxf7 Qxf7 31. Rd8+ Qg8 32. Rxg8+ Kxg8 33. c4 Kf7 34. Kf2 Kf6 35. Ke3 Ke5 36. a3 a6 37. a4 Kf5 38. Kf3 Ke5 39. Ke3 h5 40. g3 Kf5 41. Kf3 a5 42. c3 g5 43. g4+ hxg4+ 44. hxg4+ Ke5 45. Ke3 Kd6 1/2-1/2